|
|
|
|
| LEADER |
00000nab a2200000 i 4500 |
| 001 |
publ344 |
| 005 |
20220405082250.0 |
| 008 |
220405s2002 hu o 000 zxx d |
| 040 |
|
|
|a BGE Publikációtár Repozitórium
|b hun
|
| 100 |
1 |
|
|a Iványi Károly
|
| 245 |
1 |
0 |
|a Perspektívák és dilemmák Európai Uniós csatlakozásunk küszöbén
|c Iványi Károly
|h [elektronikus dokumentum]
|
| 260 |
|
|
|c 2002
|
| 300 |
|
|
|a 3-11
|
| 490 |
0 |
|
|a EU Working Papers
|v No. 3. sz.
|
| 650 |
|
4 |
|a társadalomtudományok
|
| 695 |
|
|
|a EU-csatlakozás
|
| 695 |
|
|
|a Külgazdaságpolitika
|
| 856 |
4 |
0 |
|u https://publikaciotar.uni-bge.hu/id/eprint/344/1/ewp_0203_10.pdf
|z Dokumentum-elérés
|